| 000 | 00490 a2200157 4500 | ||
|---|---|---|---|
| 000 | BKB | ||
| 001 | 071480 | ||
| 005 | 20200902151013.0 | ||
| 008 | |||
| 082 |
_a704.9489452 _bK52S |
||
| 100 | 1 | _aKhanna, Vandana | |
| 245 | 1 |
_aKrisna theme in the visual arts of Rajasthan _cby Vandana Khanna |
|
| 260 |
_aJaipur _bPublication Scheme _c1998 |
||
| 300 | _a224p. | ||
| 690 | _aArt; Krishna (Hindu deity); Rajput art; Arts, Indic; India--Rajasthan | ||
| 999 |
_c4783 _d4783 |
||